00524nam a2200181 a 4500008004100000020003000041040001200071041000800083044000700091082002300098100002000121245004600141260005500187300002100242600002100263650005100284852000700335191104r20082012ii ||||g |||| 00| 0beng d a9789380914251cRs. 176.00 aKObeng0 aeng aii04223a973.7092bC3821 aCharnwood, Lord10aAbraham Lincoln :bA Complete Biography / aNew Delhi :bGeneral Press ,c2008, reprinted 2012 a460 p. ;c22 cm. aLincoln, Abraham 0aHistory And History Of CivilizationvBiography aKO